Vyhodnotenie marketingových procesov pri aplikovaní inovácie na eventovom podujatí diplomová práca

Uložené v:
Podrobná bibliografia
Hlavný autor: Trepáč, Lukáš
Korporativný autor: Obchodná fakulta EU. Katedra marketingu
Ďalší autori: Nekolová, Veronika, 1984-
Médium: Kniha
Jazyk:Slovak
Vydavateľské údaje: Bratislava 2018
Tagy: Pridať tag
Žiadne tagy, Buďte prvý, kto otaguje tento záznam!

MARC

LEADER 00000nbm a2200000 4500
001 0243391
005 20180817121148.8
041 0 |a slo 
044 |a SK 
245 1 0 |a Vyhodnotenie marketingových procesov pri aplikovaní inovácie na eventovom podujatí  |b diplomová práca  |c Lukáš Trepáč ; školiteľ: Veronika Nekolová 
264 1 |a Bratislava  |c 2018 
300 |a 69 s. 
100 1 |a Trepáč, Lukáš 
700 1 |a Nekolová, Veronika, 1984- 
710 2 |a Obchodná fakulta EU. Katedra marketingu